000 00510nam a2200181Ia 4500
005 20250326123944.0
008 250326s9999 xx 000 0 und d
037 _aTextbook
040 _aFMSL
_beng
_cFMSL
041 _aeng
_2eng
084 _aV8:(X:87) K2
_qFMSL
100 _aMailick S
_9736490
245 0 _aConcepts and issues in administrative behavior
_cMailick S
260 _aNj
_bNj, Prentice-Hall
_c1962
300 _a201p
942 _cTB
_hV8:(X:87) K2
999 _c1271639
_d1271639